00853nam a2200241 a 45000010005000000030008000050050017000130080039000300350018000690350018000870400045001050410008001500820020001581000030001782450097002082600050003053000044003555000020003995040064004196500039004836500038005227000051005604271BD-RjUL20211208233850.0131222r19571955nyua b 001 0 eng a(BD-RjUL)4306 a(OCoLC)231025 aDLCcODaWUdOCoLCdUkdDLCdBD-RjULbeng aeng a338.8bADM 19571 aAdams, Walter,d1922-199810aMonopoly in America :bthe Government as promoter /c[by] Walter Adams [and] Horace M. Gray. aNew York :bMacmillan,cc1955c[prnting 1957] axv, 221 p. :billus., tables. ;c22 cm. aIncludes index. aBibliographical references included in "Notes" (p. 179-217) 0aTrusts, IndustrialzUnited States. 0aIndustrial policyzUnited States.2 aGray, Horace Montgomery,d1898-ejoint author.